[Event "Komercni Banka op"]
[Site "Pardubice"]
[Date "1999.07.23"]
[Round "8"]
[White "Hedke, Fred"]
[Black "Stocek, Jiri"]
[Result "1/2-1/2"]
[WhiteElo "2376"]
[BlackElo "2532"]

1.e4 d6 2.d4 Nf6 3.Nc3 Nbd7 4.g3 e5 5.Nge2 b5 6.a3 Bb7 7.Bg2 Be7 8.O-O O-O
9.h3 c6 10.Be3 a5 11.d5 Nc5 12.dxc6 Bxc6 13.Bxc5 dxc5 14.Nd5 Bxd5 15.exd5 Bd6
16.Nc3 Qd7 17.a4 b4 18.Nb5 Rfe8 19.Re1 e4 20.c4 Re5 21.b3 Rae8 22.Nxd6 Qxd6
23.Ra2 Nd7 24.Rae2 f5 25.Qd2 Nf6 26.Kh2 Nh5 27.Kg1 Nf6 28.Kh2 Nh5 29.Kg1 R5e7
30.Qg5 g6 31.Qd2 Rf8 32.Bf3 Nf6 33.Bg2 Kg7 34.Kh2 Rfe8 35.f4 Kf7 36.h4 Rg8
37.Bh3 Ke8 38.Qe3 Kd8 39.Rf1 Kc7 40.Rd2 h6 41.Rg2 Reg7 42.Kh1 g5 43.fxg5 hxg5
44.Rxf5 g4 45.Rgf2 gxh3 46.Rxf6 Rxg3 47.Rxd6 Rxe3 48.Rc6+ Kb8 49.Rf7 Rxb3
50.Rb6+ Kc8 51.Ra6 Rb1+  1/2-1/2

[Event "White Rose Int 1st"]
[Site "Wakefield"]
[Date "1999.07.23"]
[Round "7"]
[White "White, Mark"]
[Black "Mossong, Hubert"]
[Result "1/2-1/2"]
[WhiteElo "2144"]
[BlackElo "2245"]

1.d4 d6 2.e4 Nf6 3.Nc3 Nbd7 4.Bc4 e5 5.Nf3 h6 6.O-O Be7 7.a4 O-O 8.Qe2 c6
9.Ba2 Re8 10.Rd1 Qc7 11.Be3 Nf8 12.Qc4 Bd8 13.d5 c5 14.h3 a5 15.Qd3 g5 16.Nh2 Ng6
17.f3 Nf4 18.Bxf4 gxf4 19.Ng4 Kh7 20.Ne2 Rg8 21.c3 h5 22.Nxf6+ Bxf6 23.Nxf4 Kh6
24.Bb1 Rg7 25.Nxh5 Kxh5 26.g4+ Kh6 27.Kg2 Bg5 28.Rh1 Bd7 29.Bc2 Bf4 30.Bd1 Qd8
31.h4 Qb6 32.Qc2 c4 33.b3 cxb3 34.Qxb3 Qxb3 35.Bxb3 Be3 36.c4 Rc8 37.Rae1 Bd4
38.Rhf1 Bxa4 39.Bxa4 Rxc4 40.Bb5 Rb4 41.Rb1  1/2-1/2

[Event "Paris-ch"]
[Site "Paris"]
[Date "1999.07.24"]
[Round "8"]
[White "Berthelot, Yannick"]
[Black "Plane, Boris"]
[Result "1-0"]
[WhiteElo "2281"]
[BlackElo "2124"]

1.e4 d6 2.d4 Nf6 3.Nc3 Nbd7 4.f4 e5 5.Nf3 exd4 6.Qxd4 Be7 7.e5 dxe5 8.fxe5 Bc5
9.Qf4 Qe7 10.Be2 Nh5 11.Qa4 O-O 12.Nd5 Qd8 13.Bg5 f6 14.exf6 gxf6 15.Bh6 Ng7
16.O-O-O c6 17.Nf4 Kh8 18.Bxg7+ Kxg7 19.Ne6+  1-0

[Event "Biel MTO"]
[Site "Biel"]
[Date "1999.07.25"]
[Round "6"]
[White "Peptan, Corina"]
[Black "Arkhipov, Sergey"]
[Result "0-1"]
[WhiteElo "2419"]
[BlackElo "2535"]

1.e4 d6 2.d4 Nf6 3.Nc3 Nbd7 4.Nf3 e5 5.Be2 Be7 6.O-O O-O 7.Re1 Re8 8.Bf1 c6
9.a4 h6 10.a5 Bf8 11.h3 Qc7 12.Be3 exd4 13.Qxd4 Nc5 14.Bd2 Ne6 15.Qc4 Nd7
16.Be3 Ne5 17.Qe2 Nxf3+ 18.Qxf3 Ng5 19.Qg3 Nxe4 20.Nxe4 Rxe4 21.Bd3 Re6 22.Bc4 Re5
23.Bxh6 Rxe1+ 24.Rxe1 Bf5 25.c3 Qd8 26.a6 bxa6 27.Bf4 a5 28.Qf3 d5 29.Be5 Qd7
30.Bf1 Re8 31.Re3 Bc5 32.Bd4 Be4 33.Qg3 Bf8 34.f3 Bg6 35.Rxe8 Qxe8 36.Bxa7 c5
37.Bb6 a4 38.h4 Qe3+ 39.Qf2 Qc1 40.Bxc5 Bxc5 41.Qxc5 Bd3 42.Kh2 Qxf1 43.Qxd5 Bc2
44.Qd8+ Kh7 45.Qd5 Qe1 46.Qxf7 Qxh4+ 47.Kg1 Qe1+ 48.Kh2 Qe5+ 49.Kh1 Bb3 50.Qd7 Kg6
51.Kg1 Kf6 52.Kf2 Qc5+ 53.Kg3 Qb6 54.Kh2 Bc2 55.Qd2 Qc7+ 56.Kh1 Bb3 57.Kg1 Ke6
58.Qd4 Qe5 59.Qb6+ Kd7 60.Qa7+ Qc7 61.Qd4+ Kc6 62.Kh1 Qe7 63.Qg4 Kb5 64.Qd4 Bc4
65.Kh2 g5 66.Qh8 Bd5 67.Qd4 Qc5 68.Qe5 Bc6 69.Qe2+ Kb6 70.Kh1 Qf5 71.Qe3+ Kb5
72.Qe2+ Kc5 73.Kg1 Qf4 74.Kh1 g4 75.fxg4 Qe4 76.Qf1 Qxg4 77.Qf8+ Kb5 78.Qf1+ Qc4
79.Qf2 Qe4 80.Qf1+ Kc5 81.Qf8+ Kc4 82.Qf7+ Bd5 83.Qf1+ Kb3 84.Qd1+ Ka2 85.Qd2 Qxg2+  0-1

[Event "Korinthos op 3rd"]
[Site "Korinthos"]
[Date "1999.07.25"]
[Round "2"]
[White "Anagnostopoulos, D."]
[Black "Koerant, Filipos"]
[Result "1-0"]
[WhiteElo "2456"]
[BlackElo "2147"]

1.e4 d6 2.d4 Nf6 3.Nc3 e5 4.Nf3 Nbd7 5.Bc4 h6 6.O-O c6 7.a4 Be7 8.Re1 Qc7
9.a5 Nf8 10.dxe5 dxe5 11.Nh4 g5 12.Nf5 Ng6 13.Nxe7 Qxe7 14.b3 Be6 15.Ba3 Qd7
16.Qf3 Nf4 17.Rad1 Qc8 18.Bxe6 Qxe6 19.Rd6 Qe7 20.Nb1 g4 21.Qe3 Ne6 22.a6 bxa6
23.Rxc6 Qd7 24.Rxa6 Qb7 25.Ra5 Qc7 26.Ra4 Nd4 27.Rc4 Qd7 28.Bb2 Rd8 29.Bxd4 exd4
30.Qf4 Qe6 31.Rc5 Nd7 32.Rd5 Rc8 33.Na3 Qe7 34.Nc4 Kf8 35.Qxg4 Rxc4 36.Rxd7 h5
37.Qf5  1-0

[Event "White Rose Int 1st"]
[Site "Wakefield"]
[Date "1999.07.25"]
[Round "9"]
[White "Beaumont, Chris"]
[Black "Mossong, Hubert"]
[Result "0-1"]
[WhiteElo "2295"]
[BlackElo "2245"]

1.d4 d6 2.e4 Nf6 3.Nc3 Nbd7 4.f3 e5 5.Nge2 Be7 6.Be3 a6 7.Qd2 b5 8.O-O-O Nb6
9.dxe5 dxe5 10.Qe1 Bd7 11.g4 Nc4 12.Bf2 c6 13.Ng3 O-O 14.Nf5 Rb8 15.Bxc4 bxc4
16.Qe2 Bb4 17.Bh4 Qa5 18.Bxf6 Bxf5 19.Bxe5 Qxe5 20.gxf5 Bxc3 21.bxc3 Qxc3  0-1

[Event "Dutch Open"]
[Site "Dieren"]
[Date "1999.07.26"]
[Round "7"]
[White "Doggers, Peter"]
[Black "Jonker, Marc"]
[Result "0-1"]
[WhiteElo "2114"]
[BlackElo "2335"]

1.e4 d6 2.d4 Nf6 3.Nc3 c6 4.h3 Nbd7 5.f4 e5 6.Nf3 Nh5 7.Bc4 exf4 8.Ne2 d5
9.exd5 Nb6 10.Bb3 Nxd5 11.O-O Be7 12.Ne5 g5 13.Nc3 Nhf6 14.Ne2 Be6 15.c4 Nb6
16.Qd3 Nfd7 17.Nxd7 Qxd7 18.Bd2 Bf5 19.Qf3 O-O-O 20.a4 Bf6 21.a5 Na8 22.d5 Rhe8
23.Nc3 Bd4+ 24.Kh1 Be3 25.Bxe3 Rxe3 26.Qf2 Bxh3 27.dxc6 Qxc6 28.Nd5 Rxd5
29.cxd5 Qh6 30.Rac1+ Kd8 31.Kg1 Rg3 32.Qxg3 fxg3 33.gxh3 Qxh3 34.Rc2 g2 35.Rxg2 Qxb3
36.Rxf7 Nc7 37.d6 Qxf7  0-1

[Event "Dutch Open"]
[Site "Dieren"]
[Date "1999.07.26"]
[Round "7"]
[White "Willemze, Jeroen"]
[Black "Odendahl, Reiner"]
[Result "1-0"]
[WhiteElo "2269"]
[BlackElo "2332"]

1.e4 d6 2.d4 Nf6 3.Nc3 e5 4.Nf3 Nbd7 5.Bc4 Be7 6.O-O O-O 7.a4 c6 8.Qe2 exd4
9.Nxd4 Ne5 10.Bb3 c5 11.Ndb5 a6 12.Na3 Re8 13.Nc4 Nc6 14.Qd3 Be6 15.Rd1 Nd4
16.Be3 b5 17.axb5 axb5 18.Rxa8 Qxa8 19.Nb6 Qb7 20.Bxd4 cxd4 21.Qxd4 b4 22.Ncd5 Bd8
23.Nxf6+ Bxf6 24.Qxd6 Bxb3 25.cxb3 Qxe4 26.g3 Bxb2 27.Nd5 h6 28.Qxb4 Qxb4
29.Nxb4 Rb8 30.Rb1 Rxb4 31.Rxb2 Kf8 32.Kf1 Ke7 33.Ke2 Ke6 34.Kd3 Kd5 35.Kc3 Rb7
36.b4 h5 37.Rd2+ Kc6 38.Kc4 Re7 39.Rd4 Re2 40.Rf4 f6 41.h4 Re5 42.Kd4 Rb5
43.Ke3 Kd6 44.Rd4+ Kc6 45.Re4 Kd6 46.Kd3 Rb7 47.Kc4 Rc7+ 48.Kb5 Rc2 49.Rf4 Rb2
50.Kb6 g5 51.Rxf6+ Ke7 52.Rf5 Rxb4+ 53.Kc5 Rb2 54.hxg5 Ra2 55.Kd4 h4 56.gxh4 Ra4+
57.Ke5 Rxh4 58.Rf4 Rh2 59.Kf5 Rg2 60.Re4+ Kf7 61.f4 Ra2 62.g6+ Kf8 63.Kf6 Ra7
64.g7+  1-0

[Event "Biel MTO"]
[Site "Biel"]
[Date "1999.07.28"]
[Round "9"]
[White "Cherniaev, Alexander"]
[Black "Arkhipov, Sergey"]
[Result "1/2-1/2"]
[WhiteElo "2432"]
[BlackElo "2535"]

1.e4 d6 2.d4 Nf6 3.Nc3 Nbd7 4.f4 e5 5.dxe5 dxe5 6.fxe5 Nxe5 7.Qxd8+ Kxd8
8.Nf3 Bd6 9.Bg5 h6 10.Bh4 Be6 11.O-O-O Nxf3 12.gxf3 Ke7 13.Nd5+ Bxd5 14.exd5 Rhd8
15.Bc4 Kf8 16.Bxf6 gxf6 17.Rd4 Bc5  1/2-1/2

[Event "Aceimar op 6th"]
[Site "Mondariz Balneario"]
[Date "1999.08.01"]
[Round "6"]
[White "Lopez Martinez, Jose Manuel"]
[Black "Fernando, Diego"]
[Result "1-0"]
[WhiteElo "2378"]
[BlackElo "2221"]

1.d4 d6 2.e4 Nf6 3.Nc3 c6 4.f3 Nbd7 5.Be3 e5 6.Qd2 Be7 7.O-O-O b5 8.g4 exd4
9.Bxd4 b4 10.Nce2 c5 11.Be3 Ne5 12.Ng3 Qa5 13.Kb1 Be6 14.b3 h6 15.h3 Qc7
16.f4 Nc6 17.Bg2 a5 18.N1e2 a4 19.Nf5 O-O 20.Nxe7+ Nxe7 21.f5 axb3 22.cxb3 Bxb3
23.axb3 Ra3 24.Qb2 c4 25.Rc1 Qa5 26.Rxc4 Ra8 27.Nc1 d5 28.Rc5 Qa6 29.Bd4 dxe4
30.Re1 Qd6 31.Rc4 Ned5 32.Bxe4 Qg3 33.Bxf6 gxf6 34.Bxd5 Ra1+ 35.Qxa1 Rxa1+
36.Kxa1 Qxe1 37.Kb1 Qd2 38.Rc8+ Kg7 39.Bc4 Qh2 40.Re8 Qd6 41.Nd3 Kh7 42.Re2 Kg7
43.Kc2 Qf8 44.Nf4 Qd6 45.Re4 Kf8 46.Nd5 Kg7 47.Kd3 Qb8 48.Re7 Qd8 49.Ke4 Qa8
50.Kf4 Qb8+ 51.Nc7 h5 52.g5 Qb6 53.Rxf7+ Kh8 54.Rf8+ Kh7 55.g6+ Kh6 56.Rh8+  1-0

[Event "MK Cafe Cup-B"]
[Site "Koszalin"]
[Date "1999.08.05"]
[Round "3"]
[White "Mista, Aleksander"]
[Black "Szelag, Marcin"]
[Result "0-1"]
[WhiteElo "2269"]
[BlackElo "2389"]

1.e4 d6 2.d4 Nf6 3.Nc3 e5 4.Nge2 Be7 5.f3 O-O 6.Be3 exd4 7.Nxd4 Nc6 8.Qd2 Nxd4
9.Bxd4 Be6 10.O-O-O c6 11.g4 b5 12.b3 Nd7 13.Rg1 b4 14.Ne2 c5 15.Bb2 Ne5
16.Qe3 Qa5 17.f4 c4 18.fxe5 c3 19.Nxc3 bxc3 20.Bxc3 Qxa2 21.exd6 Bxd6 22.Bxg7 Ba3+
23.Kd2 Bb4+ 24.Kc1 f6 25.Bxf6 Rxf6 26.Qd4 Rf2 27.Qb2 Ba3  0-1

[Event "Chania op 9th"]
[Site "Chania"]
[Date "1999.08.06"]
[Round "4"]
[White "Tzermiadianos, Andreas"]
[Black "Gelashvili, Tamaz"]
[Result "1/2-1/2"]
[WhiteElo "2432"]
[BlackElo "2531"]

1.e4 d6 2.d4 Nf6 3.Nc3 e5 4.Nf3 Nbd7 5.Bc4 Be7 6.O-O O-O 7.Re1 c6 8.a4 Qc7
9.h3 b6 10.d5 Bb7 11.dxc6 Bxc6 12.Bb5 Bb7 13.Bg5 Rfd8 14.Bxd7 Rxd7 15.Bxf6 Bxf6
16.Nd5 Bxd5 17.Qxd5 Rc8 18.c3 Qc5 19.Red1 Qxd5 20.Rxd5 Kf8 21.a5 bxa5 22.Rdxa5 Rcc7
23.Ne1 Rb7 24.Nd3 Bd8 25.Rd5 Ke7 26.Kf1 Bb6 27.Ke2 g6 28.g4 Rdc7 29.f3 Rc8
30.Rb5 f5 31.gxf5 gxf5 32.Rg1 Ke6 33.exf5+ Kxf5 34.Rg4 Kf6 35.f4 Re7 36.fxe5+ dxe5
37.h4 Rd8 38.c4 Bd4 39.Nb4 Rf7 40.Nc6 Rc8 41.Nxd4 Rxc4 42.Kd3 Rxd4+ 43.Rxd4 exd4
44.Kxd4 Ke6 45.Kc5 Kf5 46.Rb4 h5 47.Kc6 Rg7 48.Ra4 Rg6+ 49.Kc5 Rg4 50.b4  1/2-1/2

[Event "MK Cafe Cup-B"]
[Site "Koszalin"]
[Date "1999.08.06"]
[Round "4"]
[White "Kupreichik, Viktor D"]
[Black "Mitnitski, Alexey"]
[Result "1-0"]
[WhiteElo "2429"]
[BlackElo "2215"]

1.e4 d6 2.d4 Nf6 3.Nc3 e5 4.Nf3 Nbd7 5.Bc4 Be7 6.O-O O-O 7.Re1 c6 8.a4 a5
9.h3 Qc7 10.b3 Re8 11.Ba3 exd4 12.Nxd4 Nc5 13.Qf3 Bf8 14.Rad1 d5 15.exd5 Rxe1+
16.Rxe1 Nxb3 17.Bxb3 Bxa3 18.dxc6 Bf8 19.Nd5 Nxd5 20.Bxd5 bxc6 21.Nxc6 Bb7
22.Ne7+ Bxe7 23.Qxf7+ Kh8  1-0

[Event "BCF-ch 86th"]
[Site "Scarborough"]
[Date "1999.08.06"]
[Round "6"]
[White "Hunt, Harriet"]
[Black "Houska, Jovanka"]
[Result "1-0"]
[WhiteElo "2420"]
[BlackElo "2251"]

1.e4 d6 2.d4 Nf6 3.Nc3 c6 4.f4 Qa5 5.Bd3 e5 6.Nf3 Bg4 7.dxe5 dxe5 8.h3 Bxf3
9.Qxf3 Nbd7 10.Bd2 Qc7 11.f5 O-O-O 12.Rb1 Nc5 13.Be2 Be7 14.Be3 Rd4 15.b4 Rxb4
16.Rxb4 Nd3+ 17.Bxd3 Bxb4 18.Bd2 Qa5 19.Nb1 Qxa2 20.O-O Bc5+ 21.Kh1 h5 22.Be3 Qa5
23.Nd2 Qc3 24.Nc4 Bxe3 25.Qxe3 Qd4 26.Qxd4 exd4 27.Nd6+ Kc7 28.Nxf7 Rg8 29.Ra1 a6
30.e5 Nd5 31.g4 hxg4 32.hxg4 Ra8 33.Ng5 Rh8+ 34.Kg2 Kd7 35.Ne6 Rg8 36.Nxd4 g5
37.Kg3 Nf4 38.Rh1  1-0

[Event "Montecatini Terme op 8th"]
[Site "Montecatini Terme"]
[Date "1999.08.07"]
[Round "8"]
[White "Castaldo, Folco"]
[Black "De Santis, Alessio"]
[Result "1-0"]
[WhiteElo "2225"]
[BlackElo "2352"]

1.e4 d6 2.d4 Nf6 3.Nc3 c6 4.f4 Qa5 5.Bd3 e5 6.Nf3 Bg4 7.Be3 Nbd7 8.O-O Be7
9.h3 Bh5 10.Qe1 Bxf3 11.Rxf3 a6 12.a3 Qc7 13.Qf2 exd4 14.Bxd4 O-O 15.Re1 Nc5
16.e5 Nxd3 17.Rxd3 Ne8 18.Qg3 f5 19.exd6 Bxd6 20.Be5 Bc5+ 21.Kh2 Qf7 22.Red1 Nf6
23.Bxf6 Qxf6 24.Na4 Be7 25.Nb6 Qxb2 26.Nxa8 Rxa8 27.Rd7 Bxa3 28.Rb1 Qf6 29.Qxa3 b5
30.Qd6 Qxd6 31.Rxd6 c5 32.Ra1 a5 33.Rb6 b4 34.Rb5 a4 35.Rxc5 a3 36.Rb5 Ra4
37.Rxf5 g6 38.Rb5 Kf7 39.Kg3 Ke6 40.Kf3 Kd6 41.Ke3 Kc6 42.Re5 a2 43.Kd2 Ra3
44.Kc1 h6 45.Kb2 Rg3 46.Re2 h5 47.Rxa2 Kb5 48.Ra8 h4 49.Rh8 g5 50.fxg5 Rxg5
51.Rxh4 Ka4 52.Rg4 Rc5 53.Ree4 Ka5 54.Rxb4 Re5 55.Rb3  1-0

[Event "Valoz Cup"]
[Site "Olomouc"]
[Date "1999.08.07"]
[Round "2"]
[White "Pisk, Petr"]
[Black "Miltner, Arndt"]
[Result "0-1"]
[WhiteElo "2419"]
[BlackElo "2395"]

1.e4 d6 2.d4 Nf6 3.Nc3 Nbd7 4.Nf3 e5 5.Bc4 Be7 6.O-O O-O 7.a4 c6 8.Re1 Qc7
9.h3 exd4 10.Nxd4 Re8 11.Ba2 Bf8 12.Bg5 Qa5 13.Nf5 Nxe4 14.Qg4 Ndf6 15.Rxe4 Bxf5
16.Rxe8 Bxg4 17.Rxa8 Qxg5 18.hxg4 Nxg4 19.Re1 Qd2 20.Rf1 d5 21.Bb3 g6 22.Re8 Kg7
23.g3 Bc5 24.Re2 Qh6 25.Kg2 Qh2+ 26.Kf3 Qh3  0-1

[Event "BCF-ch 86th"]
[Site "Scarborough"]
[Date "1999.08.07"]
[Round "7"]
[White "Broomfield, Matthew"]
[Black "Summerscale, Aaron"]
[Result "0-1"]
[WhiteElo "2164"]
[BlackElo "2423"]

1.d4 d6 2.e4 Nf6 3.Nc3 c6 4.g3 Nbd7 5.Bg2 e5 6.Nge2 b5 7.d5 Bb7 8.O-O Be7
9.h3 O-O 10.Be3 a6 11.dxc6 Bxc6 12.Nd5 Nxd5 13.exd5 Bb7 14.a4 b4 15.a5 Rb8
16.Ba7 Rc8 17.Qd2 Qc7 18.Rfd1 Ba8 19.Be3 Rb8 20.Ra4 Qb7 21.b3 Rfc8 22.f4 Bd8
23.g4 Nf6 24.Ng3 g6 25.Kh2 Rc3 26.Ne2 Rcc8 27.Ng3 Qd7 28.Rf1 Rb5 29.Raa1 Nxd5
30.Rad1 Nxe3 31.Qxe3 Rxc2 32.Rf2 Rxf2 33.Qxf2 Bxg2 34.Qxg2 exf4 35.Ne4 d5
36.Qf3 Qc7 37.Nf2 Qc2 38.Re1 Bh4 39.Re2 Bg3+ 40.Kg2 Qc3  0-1

[Event "MK Cafe Cup-B"]
[Site "Koszalin"]
[Date "1999.08.08"]
[Round "6"]
[White "Holmsten, Aleksei"]
[Black "Mitnitski, Alexey"]
[Result "1-0"]
[WhiteElo "2380"]
[BlackElo "2215"]

1.e4 d6 2.d4 Nf6 3.Nc3 e5 4.dxe5 dxe5 5.Qxd8+ Kxd8 6.Bg5 Be6 7.f4 h6 8.O-O-O+ Kc8
9.f5 Bd7 10.Bh4 Ng4 11.Nf3 f6 12.Rd3 h5 13.h3 Nh6 14.Bf2 Bd6 15.Nh4 a6 16.Ng6 Rd8
17.Rxd6  1-0

[Event "Scandic Hotels CC (Women)"]
[Site "Stockholm"]
[Date "1999.08.08"]
[Round "9"]
[White "Dubinka, Inna"]
[Black "Klinova, Masha"]
[Result "1-0"]
[WhiteElo "2295"]
[BlackElo "2359"]

1.d4 d6 2.e4 Nf6 3.Nc3 c6 4.Bg5 Nbd7 5.f4 h6 6.Bh4 Qa5 7.Qd2 e5 8.O-O-O Be7
9.Nf3 O-O 10.fxe5 dxe5 11.dxe5 Nxe5 12.Bg3 Nxf3 13.gxf3 Qb6 14.Bf2 Qc7 15.Rg1 Kh7
16.Bd3 g6 17.Be3 Ng8 18.f4 b5 19.f5 g5 20.f6 Bb4 21.e5+ Kh8 22.Bxg5 Qxe5
23.Bxh6 Bf5 24.Qg5  1-0

[Event "Valoz Cup"]
[Site "Olomouc"]
[Date "1999.08.09"]
[Round "4"]
[White "Kaufman, Raymond"]
[Black "Miltner, Arndt"]
[Result "1/2-1/2"]
[WhiteElo "2145"]
[BlackElo "2395"]

1.d4 d6 2.e4 Nf6 3.Nc3 Nbd7 4.Nf3 e5 5.Bc4 Be7 6.O-O O-O 7.Re1 exd4 8.Nxd4 Nb6
9.Bf1 Nfd7 10.f4 Bf6 11.Be3 Re8 12.Qf3 a6 13.Rad1 g6 14.a4 a5 15.Kh1 Bg7
16.Ndb5 Rb8 17.Bg1 Re6 18.h3 Bf8 19.Rd2 c6 20.Nd4 Re8 21.b3 Qf6 22.Nd1 Nc5
23.c4 h5 24.Nf2 Na8 25.Nd3 Nxd3 26.Bxd3 Nc7 27.Rb1 Na6 28.Rbd1 Nc5 29.Bh2 Ra8
30.f5 Nd7 31.fxg6 fxg6 32.Qxf6 Nxf6 33.Nf3 Nxe4 34.Bxe4 Rxe4 35.Bxd6 Bh6
36.Rd4 Bf5 37.Rxe4 Bxe4 38.Re1 Bc2 39.Nd4 Bd3 40.Re6 Rd8 41.c5 Rd7 42.Nf3 Kf7
43.Re1 Bg7 44.Ng5+ Kf6 45.h4 Bh6 46.Re3 Bc2 47.Re2 Bd3 48.Re3 Bc2  1/2-1/2

[Event "BCF-ch 86th"]
[Site "Scarborough"]
[Date "1999.08.09"]
[Round "8"]
[White "Houska, Miroslav"]
[Black "Saravanan, V."]
[Result "1/2-1/2"]
[WhiteElo "2364"]
[BlackElo "2429"]

1.d4 d6 2.e4 Nf6 3.Nc3 c6 4.f4 Qa5 5.Bd3 e5 6.Nf3 Bg4 7.Be3 Nbd7 8.h3 exf4
9.hxg4 fxe3 10.g5 Ng4 11.Rh4 h5 12.gxh6 Nxh6 13.Qe2 O-O-O 14.Qxe3 d5 15.O-O-O Bb4
16.exd5 cxd5 17.Qd2 Nb6 18.a3 Bxc3 19.Qxc3+ Qxc3 20.bxc3 f6 21.Re1 Rhe8 22.Rxe8 Rxe8
23.Kd2 Re7 24.g4 Nf7 25.Rh5 Nd6 26.g5 Ne4+ 27.Bxe4 Nc4+ 28.Ke1 Rxe4+ 29.Kf2 fxg5
30.Rxg5 Re3 31.Rxd5 Rxc3 32.Rc5+ Kd8 33.Ne1 b6 34.Rg5 Nxa3 35.Rxg7 Nxc2 36.Rxa7 Nxd4
37.Ng2 b5 38.Ne3 b4 39.Nd5  1/2-1/2

[Event "BCF-ch 86th"]
[Site "Scarborough"]
[Date "1999.08.10"]
[Round "9"]
[White "Ledger, David"]
[Black "Summerscale, Aaron"]
[Result "1/2-1/2"]
[WhiteElo "2240"]
[BlackElo "2423"]

1.e4 d6 2.d4 Nf6 3.Nc3 c6 4.f4 Qa5 5.e5 Ne4 6.Qf3 d5 7.Bd3 c5 8.Bxe4 dxe4
9.Qxe4 cxd4 10.Qxd4 Bf5 11.Qd5 Nc6 12.Qxa5 Nxa5 13.Nb5 O-O-O 14.c3 Nc6 15.Be3 g5
16.Nxa7+ Nxa7 17.Bxa7 gxf4 18.Nf3 Be4 19.O-O Rg8 20.Bd4 Rg6 21.Rf2 Bh6 22.Rd1 Bg7
23.Re1 Bd5 24.a4 Rg8 25.b4 f6 26.exf6 Bxf6 27.Bxf6 Bxf3 28.Rxf3 Rxg2+ 29.Kh1 exf6
30.Re8+ Rxe8 31.Kxg2 Re4 32.Kf2 h5 33.Rd3 Kc7 34.Kf3 Rc4 35.h4 Kc6 36.Rd4 Rxc3+
37.Kxf4 Ra3 38.a5 Ra1 39.Kf5 Rg1 40.Kxf6 Rg4 41.Ke5 Rg1 42.Rf4 Kb5 43.Kd6 Rg4
44.Rf5+ Ka6 45.Kc5 Rxh4 46.Rf6+ b6+ 47.axb6 Kb7 48.Rf7+ Kb8 49.Rh7 Rh1 50.Kc6 Rc1+
51.Kb5 Rh1 52.b7 Rg1 53.Kb6 Rg6+ 54.Ka5 h4 55.b5 h3 56.b6 Rg1  1/2-1/2

[Event "Petermaennchen GM"]
[Site "Schwerin"]
[Date "1999.08.10"]
[Round "3"]
[White "Bischoff, Klaus"]
[Black "Kalinin, Oleg"]
[Result "1-0"]
[WhiteElo "2509"]
[BlackElo "2432"]

1.d4 d6 2.e4 Nf6 3.Nc3 e5 4.Nf3 Nbd7 5.g3 g6 6.Bg2 Bg7 7.O-O O-O 8.Re1 c6
9.a4 Qc7 10.b3 Re8 11.Ba3 Bf8 12.d5 cxd5 13.Nxd5 Nxd5 14.Qxd5 Nc5 15.Qd1 b6
16.Nd2 Bb7 17.c4 f5 18.exf5 Bxg2 19.Kxg2 gxf5 20.Nf1 Qc6+ 21.Kg1 Bg7 22.Ne3 Rf8
23.Bxc5 dxc5 24.Qd5+ Qxd5 25.Nxd5 e4 26.Ra2 Rab8 27.Kg2 Rf7 28.f3 exf3+ 29.Kxf3 Bf8
30.Re6 Kg7 31.Rae2 Rd8 32.Re8 Rd6 33.R2e6 Rdd7 34.Nf4 Rd1 35.Rc6 Bd6 36.Ne6+ Kf6
37.Ke2  1-0

[Event "MK Cafe Cup-A"]
[Site "Koszalin"]
[Date "1999.08.11"]
[Round "8"]
[White "Magomedov, Magaram"]
[Black "Nikolaidis, Ioannis"]
[Result "0-1"]
[WhiteElo "2604"]
[BlackElo "2505"]

1.e4 d6 2.d4 Nf6 3.Nc3 c6 4.f4 Qa5 5.Bd3 e5 6.Nf3 Bg4 7.dxe5 dxe5 8.h3 Bxf3
9.Qxf3 exf4 10.O-O Nbd7 11.Qxf4 Qe5 12.Ne2 Bd6 13.Qf3 Qh2+ 14.Kf2 Bc5+ 15.Be3 Bxe3+
16.Qxe3 Qe5 17.Kg1 Qc5 18.Nd4 Ne5 19.b4 Qb6 20.Rf5 Neg4 21.hxg4 Nxg4 22.Qe1 Qxd4+
23.Kh1 g6 24.Rf4 Ne5 25.Rd1 O-O-O 26.b5 cxb5 27.Qa5 a6 28.a4 Qxa4 29.Qc3+ Nc6
30.Rf6 Kb8 31.Rxc6 bxc6 32.Qxc6 Qa5 33.Rb1 Ka7 34.Qc5+ Qb6 35.Qe7+ Kb8 36.Qa3 Rd7
37.c4 Rhd8 38.Be2 Rd2 39.Bf3 g5 40.cxb5 R8d6 41.Bg4 Qf2 42.bxa6+ Ka7 43.Bh3 Rd1+
44.Rxd1 Rxd1+ 45.Kh2 Qf4+ 46.g3 Qf2+ 47.Bg2 Rd2 48.Qe7+ Kxa6 49.Qa3+ Kb5
50.Qb3+ Kc6 51.Qc4+ Kd6 52.Qb4+ Ke6 53.Qc4+ Kf6 54.Qc3+ Kg6 55.Qc6+ Kg7 56.e5 h5  0-1

[Event "MK Cafe Cup-B"]
[Site "Koszalin"]
[Date "1999.08.12"]
[Round "9"]
[White "Murdzia, Piotr"]
[Black "Kasparov, Sergey"]
[Result "1/2-1/2"]
[WhiteElo "2375"]
[BlackElo "2425"]

1.d4 d6 2.e4 Nf6 3.Nc3 e5 4.Nf3 Nbd7 5.Bc4 Be7 6.O-O O-O 7.Re1 c6 8.a4 Qc7
9.h3 b6 10.d5 Bb7 11.dxc6 Bxc6 12.b3 Nc5 13.Nd5 Qb7 14.Nxf6+ Bxf6 15.b4 Ne6
16.Qd3  1/2-1/2

[Event "MK Cafe Cup-B"]
[Site "Koszalin"]
[Date "1999.08.12"]
[Round "9"]
[White "Medvegy, Nora"]
[Black "Hasangatin, Ramil"]
[Result "0-1"]
[WhiteElo "2296"]
[BlackElo "2449"]

1.e4 d6 2.d4 Nf6 3.Nc3 e5 4.Nf3 Nbd7 5.Bc4 Be7 6.O-O O-O 7.Re1 c6 8.a4 h6
9.b3 Re8 10.Bb2 Bf8 11.Qd2 Nh5 12.Bf1 Qf6 13.Nd1 exd4 14.Nxd4 Ne5 15.Ne2 Qg6
16.Ng3 Nxg3 17.hxg3 Nd7 18.Nc3 Nc5 19.Qf4 f5 20.Bc4+ Kh8 21.b4 Na6 22.Na2 Qg5
23.Qxg5 hxg5 24.exf5 Bxf5 25.Bf7 Rxe1+ 26.Rxe1 Kh7 27.f3 Bg6 28.Be6 Nc7 29.Bb3 Re8
30.Rc1 d5 31.Kf2 Bd6 32.Bd4 b6 33.Be3 Bxg3+ 34.Kxg3 Rxe3 35.Kf2 Re5 36.Nc3 a5
37.bxa5 bxa5 38.Rd1 Ne6 39.Ne2 Kg8 40.Rd2 Kf8 41.Ba2 Nc5 42.Nd4 Be8 43.Bb3 Ke7
44.Rd1 Ne6 45.Ne2 Bg6 46.Rd2 Nc5 47.Nd4 Kd6 48.c4 Nd3+ 49.Kg3 Kc5 50.cxd5 Kxd4
51.dxc6 Kc3 52.c7 Bf5  0-1

[Event "Valoz Cup"]
[Site "Olomouc"]
[Date "1999.08.12"]
[Round "7"]
[White "Salai, Ladislav"]
[Black "Miltner, Arndt"]
[Result "1-0"]
[WhiteElo "2409"]
[BlackElo "2395"]

1.e4 d6 2.d4 Nf6 3.Nc3 Nbd7 4.Nf3 e5 5.Bc4 Be7 6.O-O O-O 7.Re1 c6 8.a4 Qc7
9.a5 Rb8 10.Bg5 h6 11.Bh4 g6 12.Qe2 exd4 13.Nxd4 Ne5 14.Bb3 Nh5 15.Bxe7 Qxe7
16.Qe3 Kg7 17.f4 Nd7 18.a6 Qh4 19.g3 Qh3 20.axb7 Bxb7 21.Rxa7 Ndf6 22.Qf3 Rfe8
23.Ba4 c5 24.Ndb5 Re7 25.Nxd6 Bxe4 26.Ncxe4 Rxa7 27.Nf2 Rxa4 28.Nxh3 Rxb2
29.Qc3  1-0

[Event "Valoz Cup"]
[Site "Olomouc"]
[Date "1999.08.14"]
[Round "9"]
[White "Balenovic, Zvonimir"]
[Black "Miltner, Arndt"]
[Result "1-0"]
[WhiteElo "2288"]
[BlackElo "2395"]

1.e4 d6 2.d4 Nf6 3.Nc3 Nbd7 4.Nf3 e5 5.Bc4 Be7 6.O-O O-O 7.Re1 c6 8.a4 b6
9.Ba2 a6 10.Be3 Rb8 11.h3 b5 12.axb5 axb5 13.Nd2 Bb7 14.Ne2 Ra8 15.c3 d5
16.Ng3 c5 17.exd5 Nxd5 18.Bxd5 Bxd5 19.Rxa8 Qxa8 20.Nf5 Bf6 21.dxc5 g6 22.Qg4 Qc6
23.b4 Ra8 24.Qg3 h5 25.Bg5 Qe6 26.Nd6 Bc6 27.Bxf6 Qxf6 28.N2e4 Qe7 29.Ng5 f6
30.Ngf7 Nf8 31.Nf5 Qe6 32.N7d6 Qd7 33.Ne3 Qg7 34.f4 exf4 35.Qxf4 Ra2 36.Rf1 f5
37.Qd4 Ne6 38.Qxg7+ Kxg7 39.Rf2 Ra1+ 40.Kh2 f4 41.Nc2 Ra2 42.h4 g5 43.hxg5 Nxg5
44.Nf5+ Kf6 45.Nfd4 Be4 46.Rxf4+ Ke5 47.Rf2 h4 48.Ne3 Ra1 49.Ng4+ Kd5 50.Nf6+ Kc4
51.Nxe4 Nxe4 52.Rf4 Kd3 53.Nxb5 Ra6 54.Rxh4 Re6 55.Nd4 Re8 56.c6 Nxc3 57.b5 Nd5
58.Nf5 Re4 59.Rxe4 Kxe4 60.Nd6+ Kd4  1-0

[Event "FRA-ch G2"]
[Site "Bescanon"]
[Date "1999.08.16"]
[Round "1"]
[White "Vaisser, Anatoli"]
[Black "Bauer, Christian"]
[Result "0-1"]
[WhiteElo "2564"]
[BlackElo "2480"]

1.e4 d6 2.d4 Nf6 3.Nc3 Nbd7 4.g4 h6 5.Nf3 e5 6.g5 hxg5 7.Nxg5 exd4 8.Qxd4 c6
9.Bf4 Ng4 10.Be2 Qb6 11.Rd1 Qxd4 12.Rxd4 Nde5 13.Bg3 f6 14.Nf3 Be6 15.O-O g5
16.Rfd1 Nxf3+ 17.Bxf3 Ne5 18.Be2 Be7 19.a4 a5 20.b4 axb4 21.Rxb4 Bc8 22.Rbd4 Ra5
23.Nb1 Rc5 24.c4 Ra5 25.Nc3 Kd8 26.f3 Kc7 27.Be1 Ra8 28.a5 Be6 29.Na4 c5
30.R4d2 Bxc4 31.Nb6 Bxe2 32.Nxa8+ Rxa8 33.Rxe2 Nxf3+ 34.Kg2 Nxe1+ 35.Rexe1 Rxa5
36.Ra1 Rb5 37.Reb1 Rxb1 38.Rxb1 Kc6 39.Kf3 c4 40.Ke3 b5 41.Rf1 Bd8 42.Kd4 Bb6+
43.Kc3 Ba5+ 44.Kc2 b4 45.Rxf6 b3+ 46.Kb2 Kc5 47.Ka3 Bd2 48.Rf5+ Kd4 49.Rd5+ Kc3
50.Rxd6 Bc1+ 51.Ka4 b2 52.Rb6 Be3 53.Rb5 Bc5 54.e5 Be7  0-1

[Event "Faro op"]
[Site "Algarve"]
[Date "1999.08.17"]
[Round "8"]
[White "Rocha, Sergio"]
[Black "Galego, Luis"]
[Result "0-1"]
[WhiteElo "2427"]
[BlackElo "2427"]

1.e4 d6 2.d4 Nf6 3.Nc3 c6 4.Bg5 Nbd7 5.Qd2 e5 6.Nge2 h6 7.Bxf6 Nxf6 8.g3 Be7
9.Bg2 O-O 10.O-O Re8 11.h3 Bf8 12.d5 cxd5 13.Nxd5 Nxd5 14.Qxd5 Be6 15.Qd2 Rc8
16.Nc3 Qa5 17.Rfd1 Qc5 18.Rac1 Be7 19.h4 Bg4 20.Re1 Qb4 21.Rb1 a6 22.Qd3 Qc5
23.Rbc1 g5 24.Nd5 gxh4 25.Nxe7+ Rxe7 26.gxh4 Re6 27.Re3 Rg6 28.Rg3 h5 29.c3 Qb6
30.Qd2 Qd8 31.f3 Be6 32.Rg5 Rxg5 33.hxg5 Kg7 34.f4 exf4 35.Qxf4 Rc5 36.Rd1 Qxg5
37.Qxg5+ Rxg5 38.Kf2 Bxa2 39.Rxd6 Be6 40.Rd3 a5 41.Bh3 Rb5 42.b4 axb4 43.Bxe6 fxe6
44.c4 Rc5 45.Rd7+ Kf6 46.Rxb7 Rxc4 47.Ke3 h4 48.Rb8 h3 49.Kf4 h2  0-1

[Event "Polanica Zdroj op"]
[Site "Polanica Zdroj"]
[Date "1999.08.17"]
[Round "1"]
[White "Vysochin, Spartak"]
[Black "Lupkowski, Edward"]
[Result "1-0"]
[WhiteElo "2487"]
[BlackElo "2230"]

1.e4 d6 2.d4 Nf6 3.Nc3 c6 4.f3 g6 5.Be3 Bg7 6.Qd2 Qa5 7.Nge2 Nbd7 8.g4 h6
9.h3 b5 10.Bg2 Bb7 11.O-O Qc7 12.Nd1 Nb6 13.b3 a5 14.Nf2 a4 15.Rac1 h5 16.g5 Nfd7
17.f4 O-O 18.f5 Rfe8 19.Nd3 e5 20.dxe5 Nxe5 21.Nef4 Nbd7 22.Qf2 axb3 23.axb3 Qd8
24.fxg6 fxg6 25.Nxe5 Nxe5 26.Nxg6 Nxg6 27.Qf7+ Kh7 28.Rf6 Ne5 29.Rh6+  1-0